Advances in microbial physiology. V 17 (Record no. 33412)

MARC details
000 -LEADER
fixed length control field 00448nam a2200181Ia 4500
082 ## - DEWEY DECIMAL CLASSIFICATION NUMBER
Classification number 579.22
Item number ROS.17
100 ## - MAIN ENTRY--AUTHOR NAME
Personal name MORRIS, J Gareth
245 #0 - TITLE STATEMENT
Title Advances in microbial physiology. V 17
260 ## - PUBLICATION, DISTRIBUTION, ETC. (IMPRINT)
Place of publication London
Name of publisher Academic
Year of publication 1978
650 ## - SUBJECT ADDED ENTRY--TOPICAL TERM
Topical Term Bacteria
650 ## - SUBJECT ADDED ENTRY--TOPICAL TERM
Topical Term Fungi
650 ## - SUBJECT ADDED ENTRY--TOPICAL TERM
Topical Term Hyphomicrobia
650 ## - SUBJECT ADDED ENTRY--TOPICAL TERM
Topical Term Microbial Physiology
650 ## - SUBJECT ADDED ENTRY--TOPICAL TERM
Topical Term Yeast
700 ## - ADDED ENTRY--PERSONAL NAME
Personal name ROSE, A H
942 ## - ADDED ENTRY ELEMENTS (KOHA)
Koha item type Books
Holdings
Withdrawn status Lost status Damaged status Not for loan Home library Current library Date acquired Full call number Accession Number Koha item type
        RRII Library RRII Library 16/12/2021 579.22 ROS.17 13910 Books